| 000 | 00369nam a22001217a 4500 | ||
|---|---|---|---|
| 999 |
_c1915 _d1915 |
||
| 005 | 20200907100724.0 | ||
| 008 | 200907b ||||| |||| 00| 0 eng d | ||
| 020 | _a0193113163 | ||
| 040 | _cCML | ||
| 245 |
_aThe New Oxford Companion to Music. _cArnold, D. |
||
| 260 |
_aNew York _bOxford University _c1983 |
||
| 942 |
_2ddc _cBK _e1st Edition _h780 _kR780 _mARN |
||